000 00618cam a22002173a 4500
001 40886
003 PGUSA
005 20140828083920.0
008 120928s2012||||xxu|||||s|||||000 | eng d
040 _aPGUSA
_beng
042 _adc
100 1 _aKnox, John,
_d-1572
245 1 4 _aThe Works of John Knox, Volume 2 (of 6)
_h[electronic resource] /
_cJohn Knox
260 _bProject Gutenberg,
_c2012
506 _aPublic domain in the USA.
516 _aElectronic text
700 1 _aLaing, David,
_d1793-1878
830 0 _aProject Gutenberg
_v40886
856 4 0 _uhttp://www.gutenberg.org/ebooks/40886
942 _cEB
999 _c270138
_d270138